LEADER 00964nam0-2200361---450- 001 990008716730403321 005 20090204100943.0 010 $a978-3-540-72916-7 035 $a000871673 035 $aFED01000871673 035 $a(Aleph)000871673FED01 035 $a000871673 100 $a20080923d2007----km-y0itay50------ba 101 0 $aeng 102 $aDE 105 $aa-------001yy 200 1 $aAffine density in Wavelet analysis$fG. Kutyniok 210 $aBerlin$cSpringer$dc2007 215 $axii, 138 p.$d24 cm 225 1 $aLecture Notes in Mathematics$v1914 610 0 $aOndine 610 0 $aFunzioni ortogonali 676 $a515.24$v21$zita 700 1$aKutiniok,$bGitta$0503807 801 0$aIT$bUNINA$gRICA$2UNIMARC 901 $aBK 912 $a990008716730403321 952 $aC-20-(1914$b23485$fMA1 959 $aMA1 962 $a42C40 962 $a42C15 996 $aAffine density in Wavelet analysis$9718677 997 $aUNINA LEADER 01054cam0-22002891i-450- 001 990004506450403321 005 20111130094845.0 012 $a90e, eul. oni- tiau (3) 1824 (A)$2fei$5IT-NA0105: SG 200/B 32 035 $a000450645 035 $aFED01000450645 035 $a(Aleph)000450645FED01 035 $a000450645 100 $a19990604d1824----km-y0itay50------ba 101 0 $afre 102 $aFR 105 $ay-------001yy 200 1 $aHistoire des confesseurs des empereurs, des rois, et d'autres princes, par m. Gregoire ancien eveque de Blois, etc. 210 $aParis; Londres; Bruxelles$cBaudouin freres$cColburn$cLecharlier, Tarlier$d1824 215 $avii, [1], 434 p.$d22 cm 700 1$aGrégoire,$bHenri$f<1881-1964>$0393983 801 0$aIT$bUNINA$gRICA$2UNIMARC 901 $aAQ 912 $a990004506450403321 952 $aSG 200/B 32$bBibl.15096$fFLFBC 959 $aFLFBC 996 $aHistoire des confesseurs des empereurs, des rois, et d'autres princes, par m. Gregoire ancien eveque de Blois, etc$9547557 997 $aUNINA LEADER 02031oam 2200541M 450 001 9910715591203321 005 20191116081228.6 035 $a(CKB)5470000002512138 035 $a(OCoLC)1065874130 035 $a(OCoLC)995470000002512138 035 $a(EXLCZ)995470000002512138 100 $a20070221d1829 ua 0 101 0 $aeng 135 $aurcn||||||||| 181 $ctxt$2rdacontent 182 $cc$2rdamedia 183 $acr$2rdacarrier 200 10$aChesapeake and Ohio Canal Company. Memorial of stockholders, &c. in the Chesapeake and Ohio Canal Company. February 12, 1829. -- Referred to the Committee of the Whole House on the State of the Union on Bill No. 370 210 1$a[Washington, D.C.] :$c[publisher not identified],$d1829. 215 $a1 online resource (4 pages) 225 1 $aHouse document / 20th Congress, 2nd session. House ;$vno. 120 225 1 $a[United States congressional serial set ] ;$v[serial no. 186] 300 $aBatch processed record: Metadata reviewed, not verified. Some fields updated by batch processes. 300 $aFDLP item number not assigned. 606 $aCanals 606 $aEminent domain 606 $aInvestment of public funds 606 $aLand use 606 $aRight of property 606 $aWater rights 606 $aStockholders 608 $aLegislative materials.$2lcgft 615 0$aCanals. 615 0$aEminent domain. 615 0$aInvestment of public funds. 615 0$aLand use. 615 0$aRight of property. 615 0$aWater rights. 615 0$aStockholders. 712 02$aChesapeake and Ohio Canal Company. 801 0$bWYU 801 1$bWYU 801 2$bOCLCO 801 2$bOCLCQ 906 $aBOOK 912 $a9910715591203321 996 $aChesapeake and Ohio Canal Company. Memorial of stockholders, &c. in the Chesapeake and Ohio Canal Company. February 12, 1829. -- Referred to the Committee of the Whole House on the State of the Union on Bill No. 370$93285616 997 $aUNINA LEADER 02779oas 2201177 a 450 001 9910140757903321 005 20260309213017.0 011 $a1573-2800 035 $a(DE-599)ZDB2014932-3 035 $a(DE-599)2014932-3 035 $a(OCoLC)38435996 035 $a(CONSER) 2001262358 035 $a(CKB)954925263184 035 $a(EXLCZ)99954925263184 100 $a19980213a19719999 sy a 101 0 $aeng 135 $aurmnu|||||||| 181 $ctxt$2rdacontent 182 $cc$2rdamedia 183 $acr$2rdacarrier 200 10$aArchives of sexual behavior 210 $aNew York $cPlenum Press 210 3 $aNew York $cSpringer US 215 $aonline resource 300 $aRefereed/Peer-reviewed 311 08$a0004-0002 606 $aSex$vPeriodicals 606 $aSexology$xResearch$vPeriodicals 606 $aSexual Behavior$xperiodicals 606 $aSexual Behavior 606 $aVie sexuelle$vPe?riodiques 606 $aSex$2fast$3(OCoLC)fst01114160 606 $aSexology$xResearch$2fast$3(OCoLC)fst01114745 606 $aSeksueel gedrag$2gtt 606 $aSexualitat$2thub 606 $aPsiquiatria$2thub 608 $aPeriodical. 608 $aperiodicals.$2aat 608 $aPeriodicals.$2fast 608 $aPeriodicals.$2lcgft 608 $aPe?riodiques.$2rvmgf 608 $aRevistes electròniques.$2thub 615 0$aSex 615 0$aSexology$xResearch 615 2$aSexual Behavior$xperiodicals. 615 2$aSexual Behavior. 615 6$aVie sexuelle 615 7$aSex. 615 7$aSexology$xResearch. 615 17$aSeksueel gedrag. 615 7$aSexualitat. 615 7$aPsiquiatria. 676 $a301.41 712 02$aInternational Academy of Sex Research. 801 0$bFGA 801 1$bFGA 801 2$bOCL 801 2$bF#A 801 2$bOCL 801 2$bOH1 801 2$bOCL 801 2$bCGU 801 2$bOCLCQ 801 2$bFQM 801 2$bOCLCQ 801 2$bOCLCE 801 2$bAZU 801 2$bFJM 801 2$bBUF 801 2$bOCLCQ 801 2$bOCLCF 801 2$bOCLCQ 801 2$bTSC 801 2$bOCLCO 801 2$bOCLCA 801 2$bAU@ 801 2$bOCLCO 801 2$bOCLCA 801 2$bTKN 801 2$bOCLCO 801 2$bDLC 801 2$bCEF 801 2$bOCLCO 801 2$bOCLCA 801 2$bOCLCQ 801 2$bUAB 801 2$bSFB 801 2$bOCLCL 801 2$bSRU 801 2$bS2H 801 2$bU3W 801 2$bADU 801 2$bAUD 801 2$bOCLCQ 801 2$bUKBOL 801 2$bBWN 801 2$bOCLCQ 906 $aJOURNAL 912 $a9910140757903321 996 $aArchives of sexual behavior$92126370 997 $aUNINA